| 000 | 00629nam a2200193Ia 4500 | ||
|---|---|---|---|
| 003 | GCL | ||
| 008 | 140319s9999 xx 000 0 ara d | ||
| 040 |
_aGCL / _cGCL |
||
| 082 | 0 | 4 |
_a398.22 _bع ت |
| 100 | 1 | _aعمر ابوالنصر | |
| 245 | 1 | 0 |
_aتغريبة بنى هلال ورحيلهم الى بلاد الغرب وحروبهم مع الزناتى خليفة / _cعمر ابوالنصر |
| 260 |
_a[S.N] : _bالمكتبة الثقافية ، _c1981 |
||
| 300 | _a200 ص | ||
| 490 | _a | ||
| 650 | 0 | 4 | _aالقصص العربية |
| 650 | 0 | 4 | _aالادب الشعبى |
| 650 | 0 | 4 | _aبنو هلال |
| 942 |
_2ddc _cBK |
||
| 999 |
_c54502 _d54502 |
||